000 00850cab a2200289 4500
001 ABS67592
008 040312n2004 000 0 eng u
035 _a(Sirsi) u125410
245 _aFocus 3: Norfolk and Suffolk
260 _c2004
490 _aEstates Gazette
_v(0409) 28 February 2004, 105-117(6)
590 _aABS
650 _aNORFOLK
650 _aSUFFOLK
650 _aIPSWICH
650 _aNORWICH
650 _aGREAT YARMOUTH
650 _aINDUSTRIAL MARKET
650 _aPROPERTY-COMMERCIAL PROPERTY-OFFICE PROPERTY-OFFICE PROPERTY MARKET
650 _aPROPERTY-COMMERCIAL PROPERTY-RETAIL PROPERTY-RETAIL PROPERTY MARKET
650 _aRETAIL WAREHOUSES
650 _aTOURISM
650 _aOFFSHORE
650 _aENERGY INDUSTRY
690 _aPROPERTY-COMMERCIAL PROPERTY-COMMERCIAL PROPERTY MARKET
942 _n0
999 _c74266
_d74266